ដំណើរកំសាន្តទៅកាន់សួនសត្វ​ : (Record no. 8803)

MARC details
000 -LEADER
fixed length control field 01020nam a22002057a 4500
001 - CONTROL NUMBER
control field 8803
003 - CONTROL NUMBER IDENTIFIER
control field FISKH
005 - DATE AND TIME OF LATEST TRANSACTION
control field 20251021140603.0
008 - FIXED-LENGTH DATA ELEMENTS--GENERAL INFORMATION
fixed length control field 251021b cb ||||| |||| 00| 0 eng d
040 ## - CATALOGING SOURCE
Original cataloging agency FISKH
Language of cataloging khr
Transcribing agency FISKH
Modifying agency FISKH
082 ## - DEWEY DECIMAL CLASSIFICATION NUMBER
Classification number 590.73
100 ## - MAIN ENTRY--PERSONAL NAME
Personal name Anonymous
245 ## - TITLE STATEMENT
Title ដំណើរកំសាន្តទៅកាន់សួនសត្វ​ :
Statement of responsibility, etc. A visit to the zoo /
260 ## - PUBLICATION, DISTRIBUTION, ETC.
Name of publisher, distributor, etc. 590.73
300 ## - PHYSICAL DESCRIPTION
Extent 24 pages :
Other physical details color illustrations ;
Dimensions 22 cm
520 ## - SUMMARY, ETC.
Summary, etc. A Visit to the Zoo is an engaging nonfiction picture book designed for young readers aged 5 to 7. The book takes children on a journey through a zoo, introducing them to a variety of animals and their natural habitats. With carefully leveled text and vibrant, full-color photographs, the book brings the zoo experience to life. It also includes critical thinking questions and a photo glossary to enhance comprehension and vocabulary development.
650 ## - SUBJECT ADDED ENTRY--TOPICAL TERM
Topical term or geographic name entry element Zoo
Form subdivision Nonfiction
General subdivision Animals
942 ## - ADDED ENTRY ELEMENTS (KOHA)
Source of classification or shelving scheme Dewey Decimal Classification
Koha item type Books
Suppress in OPAC No
Holdings
Withdrawn status Lost status Source of classification or shelving scheme Damaged status Not for loan Collection Home library Current library Shelving location Date acquired Total Checkouts Full call number Barcode Date last seen Copy number Price effective from Koha item type
    Dewey Decimal Classification     Juvenile Fiction Footprints International School Library Network Toul Kork Campus Footprints International School Library Network Toul Kork Campus TK Old Khmer Books (Rear Hallway Shelf 3) 10/21/2025   ANO 590.73 FISTKG2B027 10/21/2025 1 10/21/2025 Books
    Dewey Decimal Classification     Juvenile Fiction Footprints International School Library Network Toul Kork Campus Footprints International School Library Network Toul Kork Campus TK Old Khmer Books (Rear Hallway Shelf 3) 10/21/2025   ANO 590.73 FISTK04597 10/21/2025 2 10/21/2025 Books